|
|
|
|
| LEADER |
00000nam a2200000Ii 4500 |
| 001 |
DIGLINK00452 |
| 003 |
NyNyDIG |
| 006 |
m o d |
| 007 |
cr ||||||||||| |
| 008 |
140101s2011 sp o 000 0 spa d |
| 020 |
|
|
|a 9788498970111
|q (eBook)
|
| 020 |
|
|
|z 9788498167481
|
| 040 |
|
|
|a DGITA
|b eng
|e pn
|c DGITA
|
| 050 |
1 |
4 |
|a PQ8897 eBook
|
| 100 |
1 |
|
|a Rizal, José,
|d 1861-1896.
|
| 245 |
1 |
0 |
|a Antología /
|c José Rizal.
|
| 264 |
|
1 |
|a Barcelona :
|b www.Linkgua.com,
|c 2011.
|
| 300 |
|
|
|a 1 online resource (73 pages)
|
| 336 |
|
|
|a text
|b txt
|2 rdacontent
|
| 337 |
|
|
|a computer
|b c
|2 rdamedia
|
| 338 |
|
|
|a online resource
|b cr
|2 rdacarrier
|
| 490 |
1 |
|
|a Poesía.
|
| 505 |
0 |
|
|a Presentación -- Junto a Pásig. Melodrama en un acto y un verso -- El consejo de los dioses -- Selección de poemas: Mi último adiós -- Mi primera inspiración -- Mi retiro -- Canto del viajero -- Canto de María Clara -- Me piden versos -- A las flores de Heidlberg -- A la juventud filipina -- Por la educación (recibe lustre la patria).
|
| 655 |
|
0 |
|a Electronic books.
|
| 791 |
2 |
|
|a Digitalia (Firm),
|e distributor.
|
| 830 |
|
0 |
|a Poesía (Linkgua Ediciones)
|
| 793 |
0 |
|
|g Digitalia eBook Collection:
|a Linkgua.
|
| 856 |
4 |
0 |
|3 Digitalia Hispánica
|u https://www.digitaliapublishing.com/a/15116/
|
| 910 |
|
|
|a Premium Collection: 2007-2012
|